Vera, Chuck and Dave - Statistics

General Stats
  • This quiz has been taken 38 times
  • The average score is 5 of 12
Answer Stats
Picture Answer % Correct
Chuck Berry
91%
Chuck Norris
80%
Chuck E. Cheese
66%
Dave Grohl
66%
Vera Wang
66%
Vera Lynn
37%
Vera Farmiga
23%
Chuck Yeager
17%
Dave Gorman
17%
Dave Franco
14%
Dave Brubeck
9%
Vera Brittain
3%
No matching quizzes found
Score Distribution
Percent of People with Each Score
Percentile by Number Answered
Your Score History
You have not taken this quiz